|
|
|
|
| LEADER |
00000nam a2200000 a 4500 |
| 001 |
vtls001396132 |
| 003 |
SK-MaSNL |
| 005 |
20260422114611.0 |
| 008 |
240226s2000 xo ad r yb slo |
| 015 |
|
|
|a SNBA2000/12-04492
|
| 020 |
|
|
|a 8088922097
|
| 035 |
|
|
|a SNK000350507
|
| 035 |
|
|
|a urn:nbn:sk:snk-amklpo
|
| 035 |
|
|
|a urn:nbn:sk:snk-am003bd8
|
| 035 |
|
|
|a B69B062B-35B0-4DD1-9066-BF9BB9811C10
|
| 040 |
|
|
|a SNK
|b slo
|c SNK
|e AACR2
|
| 041 |
0 |
|
|a slo
|
| 044 |
|
|
|a xo
|c SK
|
| 080 |
|
|
|a 262.12:929
|2 1981
|
| 080 |
|
|
|a 282
|2 1981
|
| 080 |
|
|
|a 929 Schuster, Konštantín
|2 1981
|
| 111 |
1 |
|
|a Seminár z cirkevných dejín
|n (2. :
|d 2000 :
|c Košice, Slovensko)
|4 aut
|9 83863
|
| 245 |
1 |
0 |
|a Košický biskup PhDr. Konštantín Schuster - 100. výročie smrti
|b zborník príspevkov [2.] monotematického seminára z cirkevných dejín, Košice, 9. decembra 1999
|c [autori príspevkov: József Bocsa ... [et al.]
|
| 260 |
|
|
|a Košice
|b Vienala
|c 2000
|
| 300 |
|
|
|a 82 s.
|b fareb. fotogr.
|c 21 cm
|
| 500 |
|
|
|a Čiast. text maď.
|
| 500 |
|
|
|a Vydané pre Teologický inštitút v Košiaciach
|
| 504 |
|
|
|a Bibliogr. odkazy. Res. angl. a maď.
|
| 600 |
1 |
7 |
|a Schuster, Konštantín,
|d 1817-1899
|2 SNKMA
|9 191006
|
| 610 |
2 |
7 |
|a Košická diecéza (Slovensko)
|2 SNKKA
|9 329667
|
| 655 |
|
7 |
|a biografie
|2 SNK
|9 27965
|
| 700 |
1 |
|
|a Bocsa, József
|4 aut
|9 525180
|
| 700 |
1 |
|
|a Čižmár, Marián
|4 aut
|9 298615
|
| 700 |
1 |
|
|a Krištof, Jozef,
|d 1966-
|4 aut
|9 1637450
|
| 700 |
1 |
|
|a Hišem, Cyril,
|d 1970-
|4 aut
|9 102755
|
| 700 |
1 |
|
|a Sedlák, Peter,
|d 1958-
|4 aut
|9 73623
|
| 700 |
1 |
|
|a Zubko, Peter,
|d 1972-
|4 aut
|9 102438
|
| 710 |
2 |
|
|a Univerzita Komenského v Bratislave.
|b Rímskokatolícka cyrilometodská bohoslovecká fakulta.
|b Teologický inštitút v Košiciach
|4 pbl
|9 253632
|
| 919 |
|
|
|a 80-88922-09-7
|
| 958 |
|
|
|a OND
|
| 958 |
|
|
|a NT
|
| 958 |
|
|
|a TL
|
| 958 |
|
|
|a NB
|
| 958 |
|
|
|a BX
|
| 999 |
|
|
|c 810613
|d 812543
|
| 952 |
|
|
|t P60, <03>, [BOOK], {603}
|a SNK
|b SNK
|y PREZ
|7 0
|p 17A0251306
|o snkSC 102670
|i snkKSP 9440/2000
|0 0
|1 0
|4 0
|d 2000-09-14
|f 1
|l 0
|r 2025-09-24 00:00:00
|w 2026-02-24
|
| 952 |
|
|
|t P60, <04>, [BOOK], {604}
|a SNK
|b SNK
|y VYP
|7 0
|p 17A0251307
|o snkSC 102670 D1
|i snkKSP 9441/2000
|0 0
|1 0
|4 0
|d 2000-09-14
|l 0
|r 2005-01-02 00:00:00
|w 2026-02-24
|